<?xml version="1.0" encoding="UTF-8"?>
<collection xmlns="http://www.loc.gov/MARC21/slim">
 <record>
  <leader>03937pmm a22002658a 4500</leader>
  <controlfield tag="001">00030478</controlfield>
  <controlfield tag="005">20171026081023.0</controlfield>
  <controlfield tag="008">130329s2005                  ||||||engsd</controlfield>
  <datafield tag="020" ind1="#" ind2="#">
   <subfield code="a">9780521693080</subfield>
  </datafield>
  <datafield tag="041" ind1="0" ind2="#">
   <subfield code="a">eng</subfield>
  </datafield>
  <datafield tag="082" ind1="1" ind2="4">
   <subfield code="a">428</subfield>
   <subfield code="b">C104I</subfield>
  </datafield>
  <datafield tag="110" ind1="1" ind2="#">
   <subfield code="a">University of Cambridge</subfield>
  </datafield>
  <datafield tag="245" ind1="1" ind2="0">
   <subfield code="h">nguồn liệu điện tử]</subfield>
   <subfield code="a">Cambridge IELTS 6 with answers</subfield>
   <subfield code="b">Examination papers from University of Cambridge ESOL examinations: English for Speakers of Other Languages</subfield>
  </datafield>
  <datafield tag="260" ind1="#" ind2="#">
   <subfield code="a">New York</subfield>
   <subfield code="b">Cambridge university Press</subfield>
   <subfield code="c">2005</subfield>
  </datafield>
  <datafield tag="300" ind1="#" ind2="#">
   <subfield code="a">2 CD</subfield>
   <subfield code="c">43/4 inch</subfield>
  </datafield>
  <datafield tag="653" ind1="#" ind2="#">
   <subfield code="a">Cambridge</subfield>
  </datafield>
  <datafield tag="653" ind1="#" ind2="#">
   <subfield code="a">Đĩa CD</subfield>
  </datafield>
  <datafield tag="653" ind1="#" ind2="#">
   <subfield code="a">Tiếng Anh</subfield>
  </datafield>
  <datafield tag="653" ind1="#" ind2="#">
   <subfield code="a">Luyện thi</subfield>
  </datafield>
  <datafield tag="653" ind1="#" ind2="#">
   <subfield code="a">IELTS</subfield>
  </datafield>
  <datafield tag="852" ind1="#" ind2="#">
   <subfield code="j">DPT.0000812</subfield>
   <subfield code="j">DPT.0000814</subfield>
   <subfield code="j">DPT.0000815</subfield>
   <subfield code="j">DPT.0000817</subfield>
   <subfield code="j">DPT.0000820</subfield>
   <subfield code="j">DPT.0000822</subfield>
   <subfield code="j">DPT.0000823</subfield>
   <subfield code="j">DPT.0000825</subfield>
   <subfield code="j">DPT.0000826</subfield>
   <subfield code="j">DPT.0000830</subfield>
   <subfield code="j">DPT.0000831</subfield>
   <subfield code="j">DPT.0000833</subfield>
   <subfield code="j">DPT.0000834</subfield>
   <subfield code="j">DPT.0000836</subfield>
   <subfield code="j">DPT.0000839</subfield>
   <subfield code="j">DPT.0000841</subfield>
   <subfield code="j">DPT.0000842</subfield>
   <subfield code="j">DPT.0000844</subfield>
   <subfield code="j">DPT.0000845</subfield>
   <subfield code="j">DPT.0000849</subfield>
   <subfield code="j">DPT.0000857</subfield>
   <subfield code="j">DPT.0000858</subfield>
   <subfield code="j">DPT.0000859</subfield>
   <subfield code="j">DPT.0000860</subfield>
   <subfield code="j">DPT.0000864</subfield>
   <subfield code="j">DPT.0000865</subfield>
   <subfield code="j">DPT.0000867</subfield>
   <subfield code="j">DPT.0000868</subfield>
   <subfield code="j">DPT.0000872</subfield>
   <subfield code="j">DPT.0000873</subfield>
   <subfield code="j">DPT.0000875</subfield>
   <subfield code="j">DPT.0000876</subfield>
   <subfield code="j">DPT.0000878</subfield>
   <subfield code="j">DPT.0000879</subfield>
   <subfield code="j">DPT.0000883</subfield>
   <subfield code="j">DPT.0000884</subfield>
   <subfield code="j">DPT.0000886</subfield>
   <subfield code="j">DPT.0000887</subfield>
   <subfield code="j">DPT.0000891</subfield>
   <subfield code="j">DPT.0000892</subfield>
   <subfield code="j">DPT.0000894</subfield>
   <subfield code="j">DPT.0000895</subfield>
   <subfield code="j">DPT.0000897</subfield>
   <subfield code="j">DPT.0000901</subfield>
   <subfield code="j">DPT.0000902</subfield>
   <subfield code="j">DPT.0000903</subfield>
   <subfield code="j">DPT.0000905</subfield>
   <subfield code="j">DPT.0000906</subfield>
   <subfield code="j">DPT.0000910</subfield>
   <subfield code="j">DPT.0000911</subfield>
   <subfield code="j">DPT.0000913</subfield>
   <subfield code="j">DPT.0000914</subfield>
   <subfield code="j">DPT.0000850</subfield>
   <subfield code="j">DPT.0000854</subfield>
   <subfield code="j">DPT.0000855</subfield>
   <subfield code="j">DPT.0000916</subfield>
   <subfield code="j">DPT.0000918</subfield>
   <subfield code="j">DPT.0000919</subfield>
   <subfield code="j">DPT.0000921</subfield>
   <subfield code="j">DPT.0000922</subfield>
   <subfield code="j">DPT.0000924</subfield>
   <subfield code="j">DPT.0000925</subfield>
   <subfield code="j">DPT.0000927</subfield>
   <subfield code="j">DPT.0000928</subfield>
   <subfield code="j">DPT.0000837</subfield>
   <subfield code="j">DPT.0000838</subfield>
   <subfield code="j">DPT.0000846</subfield>
   <subfield code="j">DPT.0000847</subfield>
   <subfield code="j">DPT.0000852</subfield>
   <subfield code="j">DPT.0000853</subfield>
   <subfield code="j">DPT.0000861</subfield>
   <subfield code="j">DPT.0000862</subfield>
   <subfield code="j">DPT.0000870</subfield>
   <subfield code="j">DPT.0000871</subfield>
   <subfield code="j">DPT.0000880</subfield>
   <subfield code="j">DPT.0000881</subfield>
   <subfield code="j">DPT.0000889</subfield>
   <subfield code="j">DPT.0000890</subfield>
   <subfield code="j">DPT.0000898</subfield>
   <subfield code="j">DPT.0000899</subfield>
   <subfield code="j">DPT.0000908</subfield>
   <subfield code="j">DPT.0000909</subfield>
   <subfield code="j">DPT.0000929</subfield>
   <subfield code="j">DPT.0000818</subfield>
   <subfield code="j">DPT.0000819</subfield>
   <subfield code="j">DPT.0000827</subfield>
   <subfield code="j">DPT.0000828</subfield>
   <subfield code="j">DPT.0000829</subfield>
   <subfield code="j">DPT.0000832</subfield>
   <subfield code="j">DPT.0000835</subfield>
   <subfield code="j">DPT.0000840</subfield>
   <subfield code="j">DPT.0000843</subfield>
   <subfield code="j">DPT.0000848</subfield>
   <subfield code="j">DPT.0000851</subfield>
   <subfield code="j">DPT.0000813</subfield>
   <subfield code="j">DPT.0000816</subfield>
   <subfield code="j">DPT.0000821</subfield>
   <subfield code="j">DPT.0000824</subfield>
   <subfield code="j">DPT.0000856</subfield>
   <subfield code="j">DPT.0000863</subfield>
   <subfield code="j">DPT.0000866</subfield>
   <subfield code="j">DPT.0000869</subfield>
   <subfield code="j">DPT.0000874</subfield>
   <subfield code="j">DPT.0000877</subfield>
   <subfield code="j">DPT.0000882</subfield>
   <subfield code="j">DPT.0000885</subfield>
   <subfield code="j">DPT.0000888</subfield>
   <subfield code="j">DPT.0000893</subfield>
   <subfield code="j">DPT.0000896</subfield>
   <subfield code="j">DPT.0000900</subfield>
   <subfield code="j">DPT.0000904</subfield>
   <subfield code="j">DPT.0000907</subfield>
   <subfield code="j">DPT.0000912</subfield>
   <subfield code="j">DPT.0000915</subfield>
   <subfield code="j">DPT.0000917</subfield>
   <subfield code="j">DPT.0000920</subfield>
   <subfield code="j">DPT.0000923</subfield>
   <subfield code="j">DPT.0000926</subfield>
  </datafield>
  <datafield tag="852" ind1="#" ind2="#">
   <subfield code="b">Kho đa phương tiện</subfield>
   <subfield code="j">DPT.0000812, DPT.0000813, DPT.0000814, DPT.0000815, DPT.0000816, DPT.0000817, DPT.0000818, DPT.0000819, DPT.0000820, DPT.0000821, DPT.0000822, DPT.0000823, DPT.0000824, DPT.0000825, DPT.0000826, DPT.0000827, DPT.0000828, DPT.0000829, DPT.0000830, DPT.0000831, DPT.0000832, DPT.0000833, DPT.0000834, DPT.0000835, DPT.0000836, DPT.0000837, DPT.0000838, DPT.0000839, DPT.0000840, DPT.0000841, DPT.0000842, DPT.0000843, DPT.0000844, DPT.0000845, DPT.0000846, DPT.0000847, DPT.0000848, DPT.0000849, DPT.0000850, DPT.0000851, DPT.0000852, DPT.0000853, DPT.0000854, DPT.0000855, DPT.0000856, DPT.0000857, DPT.0000858, DPT.0000859, DPT.0000860, DPT.0000861, DPT.0000862, DPT.0000863, DPT.0000864, DPT.0000865, DPT.0000866, DPT.0000867, DPT.0000868, DPT.0000869, DPT.0000870, DPT.0000871, DPT.0000872, DPT.0000873, DPT.0000874, DPT.0000875, DPT.0000876, DPT.0000877, DPT.0000878, DPT.0000879, DPT.0000880, DPT.0000881, DPT.0000882, DPT.0000883, DPT.0000884, DPT.0000885, DPT.0000886, DPT.0000887, DPT.0000888, DPT.0000889, DPT.0000890, DPT.0000891, DPT.0000892, DPT.0000893, DPT.0000894, DPT.0000895, DPT.0000896, DPT.0000897, DPT.0000898, DPT.0000899, DPT.0000900, DPT.0000901, DPT.0000902, DPT.0000903, DPT.0000904, DPT.0000905, DPT.0000906, DPT.0000907, DPT.0000908, DPT.0000909, DPT.0000910, DPT.0000911, DPT.0000912, DPT.0000913, DPT.0000914, DPT.0000915, DPT.0000916, DPT.0000917, DPT.0000918, DPT.0000919, DPT.0000920, DPT.0000921, DPT.0000922, DPT.0000923, DPT.0000924, DPT.0000925, DPT.0000926, DPT.0000927, DPT.0000928, DPT.0000929</subfield>
  </datafield>
  <datafield tag="910" ind1=" " ind2=" ">
   <subfield code="d">29/03/2013</subfield>
  </datafield>
  <datafield tag="980" ind1="#" ind2="#">
   <subfield code="a">Trung tâm Học liệu Lê Vũ Hùng, Trường Đại học Đồng Tháp</subfield>
  </datafield>
 </record>
</collection>
